000
00285nam a2200121Ia 4500
008
190216s9999||||xx |||||||||||||| ||und||
100
_a
Harold Koontz & Cyril O`Donnell
245
0
_a
Essentials Of Management
260
_b
Null
300
_a
560p
650
_a
Commerce
942
_c
BK
999
_c
4896
_d
4896